000 00458ntaaa2200181 4500
003 01
005 20251027201022.0
008 0714s1973 ag 01
040 _aAR-BaBN
_bspa
_cAR-BaBN
_eaacr
_dRIC
082 _a137 F78
100 _aFosdick, Harry Emerson
_92771
245 _aConócete a ti mismo /
_cHarry Emerson Fosdick
250 _a1 ed.
260 _as.l. :
_bKraft Ltda.,
_cc/1948
300 _a294 p.
650 _aPsicología
_92648
942 _cBK
999 _c4256
_d4256